| 000 | 00000nam##2200000za#4500 |
| 001 | 9.601653 |
| 003 | CaOODSP |
| 005 | 20210624210157 |
| 007 | cr ||||||||||| |
| 008 | 150406|2002||||xxc|||||o f|0| 0 fre|d |
| 040 | |aCaOODSP|bfre |
| 043 | |an-cn--- |
| 086 | 1 |aYC2-1-0/371-5-0F-PDF |
| 110 | 1 |aCanada.|bSénat. |bComité spécial sur les Drogues illicites. |
| 245 | 13|aLe cannabis : |h[ressource électronique]|bpositions pour un régime de politique publique pour le Canada / |cPrésident : Pierre Claude Nolin ; vice-président Colin Kenny. |
| 246 | 3 |aRapport du Comité spécial du sénat sur les drogues illicites, sommaire |
| 260 | |aOttawa - Ontario : |bSénat. |cSeptembre 2002. |
| 300 | |a59p.|bglossaire, tableau |
| 490 | 1 |aRapport du Comité spécial du Sénat sur les drogues illicites|v[37e législature, 1e session, 5e rapport] |
| 590 | |a11-12-Supp|b2011-07-29 |
| 775 | 08|tCannabis : |w(CaOODSP)9.571010 |
| 830 | #0|aRapport du Comité spécial du Sénat sur les drogues illicites ;|v[37e législature, 1e session, 5e rapport]|w(CaOODSP)9.502805 |
| 856 | 40|ahttp://publications.gc.ca|qPDF|s216 Ko|uhttps://publications.gc.ca/collections/collection_2011/sen/yc2-1-0/YC2-1-0-371-5-0-fra.pdf|y[37e législature, 1e session, 5e rapport] |